| 000 | 003910000a22001570004500 | ||
|---|---|---|---|
| 005 | 20120302054926.0 | ||
| 942 | _cBOOK | ||
| 245 | _a Hariwansha:Kavivarya Moropantanche Samagra Granth | ||
| 260 | _aPune:Ramkrishna Paraadkar,1914. | ||
| 300 | _a498,3p. | ||
| 040 | _aMAR | ||
| 650 | _aGranth | ||
| 650 | _aKavi-Moropanta | ||
| 650 | _aOavya-Aaryaa-Moropanta | ||
| 650 | _aMoropanta-Kavya | ||
| 999 |
_c346990 _d346987 |
||